| 000 | 00561nam a2200193Ia 4500 | ||
|---|---|---|---|
| 003 | GCL | ||
| 008 | 140319s9999 xx 000 0 ara d | ||
| 040 |
_aGCL / _cGCL |
||
| 082 | 0 | 4 |
_a301.22 _bع ف |
| 100 | 1 | _aعبدالتواب يوسف | |
| 245 | 1 | 0 |
_aفصول عن ثقافة الطفل / _cعبدالتواب يوسف |
| 300 | _a215 ص | ||
| 490 |
_aمكتبة الشباب _v0 |
||
| 650 | 0 | 4 | _aالثقافة |
| 650 | 0 | 4 | _aالتثقيف الذاتى |
| 650 | 0 | 4 | _aالاجتماع، علم |
| 650 | 0 | 4 | _aالاطفال - رعاية |
| 942 |
_2ddc _cBK |
||
| 999 |
_c50717 _d50717 |
||